000 00363nam a2200145Ia 4500
008 230917s9999||||xx |||||||||||||| ||und||
040 _e109499
_aMAIN
041 _aEnglish
082 _a621.3 R137T
100 _aRajput, R K
245 0 _aTextbook of electrical technology
260 _aNew Delhi
_bLaxmi Publications
_c2004
300 _a619 p.
942 _cBK
999 _c130270
_d130270